00507nam a2200133Ia 4500008004100000245014400041260004900185260000900234300001000243500001300253650001600266999001900282952007200301170224s9999 xx 000 0 und d aTrust your gut or think carefully? Examining whether an intuitive, versus a systematic, mode of thought produces greater empathic accuracy. bJournal of Personality and Social Psychology c2016 a111:5 aNovember xPsychology. c316812d316812 001040aCLbCLd2017-02-24l0r2017-02-24 00:00:00w2017-02-24ySE